Ekipa Friza (aktualne) - Statystyki

Ogólne statystyki
  • Ten quiz został rozwiązany 1 215 razy
  • Średni wynik to 10 z 11
Statystyki odpowiedzi
Hint Odpowiedź % Poprawnych
1 Friz
100%
2 Wersow/Weronika
99%
3 Tromba
97%
8 Marta/Murcix
96%
10 Mini Majk
96%
5 Wujek Łuki
94%
6 Kasia/Fusialka
92%
4 Marcysia
90%
9 Poczciwy Krzychu
83%
7 Mixer
82%
11 Patecki
81%
Nie znaleziono quizów pasujących do podanych kryteriów
Rozkład punktacji
Procent ludzi z każdym wynikiem
Percentyl według liczby udzielonych odpowiedzi
Twoja historia wyników
Nie rozwiązałeś tego quizu